000 00696nam a2200229 a 4500
001 17944
003 CO-ViMGA
008 141112s2004 ck r 000 u spa d
020 _a8478842195
040 _aCO-ViMGA
_bspa
_cCO-ViMGA
082 0 4 _a338.91 O776
100 1 _aHoutar, Francois; Polet, Francois
_925403
245 1 0 _aEl otro Davos . Globalización de resistencias y de luchas
260 _aMadríd (España),
_cPopular,
_c2001
300 _a205.p.
590 _aForma de adquisición : Premio - Mincultura
650 1 4 _aCAPITALISMO
650 1 4 _aEconomía INTERNACIONAL
_948555
650 1 4 _aGLOBALIZACION
650 1 4 _aINTEGRACION ECONOMICA INTERNACIONAL
_9233
942 _2ddc
_cBK
999 _c27343
_d27343